Sports Quiz

Random Sports or NBA Quiz

Every Leading Scorer in the 2015 NBA Playoffs Quiz Stats

 Plays Quiz Updated Aug 1, 2015

Challenge
Share
Tweet
Embed
Score 0/81 Timer 06:00
16 Plays Today
Series Player % Correct
1st Round: (2) Cavaliers vs (7) CelticsLeBron James
99.2%
1st Round: (2) Cavaliers vs (7) CelticsLeBron James
99.2%
1st Round: (2) Cavaliers vs (7) CelticsLeBron James
99.2%
Eastern Conference Semifinals: (2) Cavaliers vs (3) BullsLeBron James
99.2%
Eastern Conference Semifinals: (2) Cavaliers vs (3) BullsLeBron James
99.2%
Eastern Conference Finals: (1) Hawks vs (2) CavaliersLeBron James
99.2%
Eastern Conference Finals: (1) Hawks vs (2) CavaliersLeBron James
99.2%
Eastern Conference Finals: (1) Hawks vs (2) CavaliersLeBron James
99.2%
Eastern Conference Finals: (1) Hawks vs (2) CavaliersLeBron James
99.2%
NBA Finals: (1) Warriors vs (2) CavaliersLeBron James
99.2%
NBA Finals: (1) Warriors vs (2) CavaliersLeBron James
99.2%
NBA Finals: (1) Warriors vs (2) CavaliersLeBron James
99.2%
NBA Finals: (1) Warriors vs (2) CavaliersLeBron James
99.2%
NBA Finals: (1) Warriors vs (2) CavaliersLeBron James
99.2%
1st Round: (1) Warriors vs (8) PelicansStephen Curry
98.1%
1st Round: (1) Warriors vs (8) PelicansStephen Curry
98.1%
Western Conference Semifinals: (1) Warriors vs (5) GrizzliesStephen Curry
98.1%
Western Conference Semifinals: (1) Warriors vs (5) GrizzliesStephen Curry
98.1%
Western Conference Semifinals: (1) Warriors vs (5) GrizzliesStephen Curry
98.1%
Western Conference Semifinals: (1) Warriors vs (5) GrizzliesStephen Curry
98.1%
Western Conference Finals: (1) Warriors vs (2) RocketsStephen Curry
98.1%
Western Conference Finals: (1) Warriors vs (2) RocketsStephen Curry
98.1%
Western Conference Finals: (1) Warriors vs (2) RocketsStephen Curry
98.1%
1st Round: (2) Rockets vs (7) MavericksJames Harden and Dirk Nowitzki
96.3%
1st Round: (2) Rockets vs (7) MavericksJames Harden
96%
1st Round: (2) Rockets vs (7) MavericksJames Harden
96%
Western Conference Semifinals: (2) Rockets vs (3) ClippersJames Harden
96%
Series Player % Correct
Western Conference Finals: (1) Warriors vs (2) RocketsJames Harden
96%
Western Conference Finals: (1) Warriors vs (2) RocketsJames Harden
96%
1st Round (3) Clippers vs (6) SpursTim Duncan and Chris Paul
95.8%
1st Round: (1) Warriors vs (8) PelicansAnthony Davis and Klay Thompson
95.7%
1st Round (3) Clippers vs (6) SpursChris Paul
94.6%
1st Round (3) Clippers vs (6) SpursChris Paul
94.6%
Western Conference Semifinals: (2) Rockets vs (3) ClippersChris Paul
94.6%
1st Round (3) Clippers vs (6) SpursBlake Griffin
92.8%
1st Round (3) Clippers vs (6) SpursBlake Griffin
92.8%
1st Round (3) Clippers vs (6) SpursBlake Griffin
92.8%
Western Conference Semifinals: (2) Rockets vs (3) ClippersBlake Griffin
92.8%
Western Conference Semifinals: (2) Rockets vs (3) ClippersBlake Griffin
92.8%
Western Conference Semifinals: (2) Rockets vs (3) ClippersBlake Griffin
92.8%
Western Conference Semifinals: (1) Warriors vs (5) GrizzliesKlay Thompson
92.1%
1st Round: (2) Cavaliers vs (7) CelticsKyrie Irving
89.3%
Eastern Conference Semifinals: (2) Cavaliers vs (3) BullsKyrie Irving
89.3%
1st Round: (3) Bulls vs (6) BucksDerrick Rose
89.2%
Eastern Conference Semifinals: (2) Cavaliers vs (3) BullsDerrick Rose
89.2%
Eastern Conference Semifinals: (2) Cavaliers vs (3) BullsDerrick Rose
89.2%
Eastern Conference Semifinals: (1) Hawks vs (5) WizardsBradley Beal and Al Horford
88.4%
1st Round: (3) Bulls vs (6) BucksPau Gasol
88.2%
1st Round: (1) Warriors vs (8) PelicansAnthony Davis
85.9%
1st Round: (4) Raptors vs (5) WizardsBradley Beal
83.6%
1st Round: (4) Raptors vs (5) WizardsBradley Beal
83.6%
Eastern Conference Semifinals: (1) Hawks vs (5) WizardsBradley Beal
83.6%
Eastern Conference Semifinals: (1) Hawks vs (5) WizardsBradley Beal
83.6%
Eastern Conference Semifinals: (1) Hawks vs (5) WizardsBradley Beal
83.6%
Series Player % Correct
1st Round: (4) Trail Blazers vs (5) GrizzliesDamian Lillard
81.3%
1st Round: (3) Bulls vs (6) BucksJimmy Butler
79%
1st Round: (3) Bulls vs (6) BucksJimmy Butler
79%
1st Round: (3) Bulls vs (6) BucksJimmy Butler
79%
Eastern Conference Semifinals: (2) Cavaliers vs (3) BullsJimmy Butler
79%
1st Round: (2) Rockets vs (7) MavericksDwight Howard
78.3%
Western Conference Semifinals: (1) Warriors vs (5) GrizzliesMike Conley
76.2%
1st Round: (1) Hawks vs (8) NetsDeMarre Carroll and Brook Lopez
74.7%
Eastern Conference Semifinals: (1) Hawks vs (5) WizardsDennis Schröder and Jeff Teague
74.5%
1st Round: (4) Trail Blazers vs (5) GrizzliesLaMarcus Aldridge
73.9%
1st Round: (4) Trail Blazers vs (5) GrizzliesLaMarcus Aldridge
73.9%
1st Round: (1) Hawks vs (8) NetsDeron Williams
71.4%
1st Round: (4) Raptors vs (5) WizardsDeMar DeRozan
71%
1st Round: (1) Hawks vs (8) NetsKyle Korver
67.9%
1st Round (3) Clippers vs (6) SpursKawhi Leonard
67.5%
1st Round: (1) Hawks vs (8) NetsPaul Millsap
66.4%
Western Conference Semifinals: (2) Rockets vs (3) ClippersDeAndre Jordan
65.5%
1st Round: (1) Hawks vs (8) NetsDeMarre Carroll
64.3%
Eastern Conference Semifinals: (1) Hawks vs (5) WizardsDeMarre Carroll
64.3%
1st Round: (4) Raptors vs (5) WizardsPaul Pierce
61.5%
1st Round: (2) Rockets vs (7) MavericksMonta Ellis
37.8%
NBA Finals: (1) Warriors vs (2) CavaliersTimofey Mozgov
33.7%
1st Round: (4) Trail Blazers vs (5) GrizzliesNicolas Batum
32.5%
Western Conference Semifinals: (2) Rockets vs (3) ClippersJ.J. Redick
32.2%
1st Round: (4) Trail Blazers vs (5) GrizzliesC.J. McCollum
24.8%
1st Round: (3) Bulls vs (6) BucksMike Dunleavy
19.1%
1st Round: (1) Hawks vs (8) NetsJarrett Jack
18.2%

You're not logged in!

Compare scores with friends on all Sporcle quizzes.
OR
Log In

You Might Also Like...

Show Comments

Extras

Top Quizzes Today


Score Distribution

Your Account Isn't Verified!

In order to create a playlist on Sporcle, you need to verify the email address you used during registration. Go to your Sporcle Settings to finish the process.

Report this User

Report this user for behavior that violates our Community Guidelines.

Details: